书目信息 |
| 题名: |
货物运输与包装
|
|
| 作者: | 林自葵 主编 | |
| 分册: | ||
| 出版信息: | 北京 机械工业出版社 2010 |
|
| 页数: | 277页 | |
| 开本: | 23cm | |
| 丛书名: | ||
| 单 册: | ||
| 中图分类: | F252 , TB48 | |
| 科图分类: | ||
| 主题词: | 物流--货物运输--高等教育--教材 , 物流--包装技术--高等教育--教材 , 物流 , 货物运输 , 包装技术 | |
| 电子资源: | ||
| ISBN: | 978-7-111-28682-0 | |
| 000 | 01180nam0 2200337 45 | |
| 001 | 1033090968 | |
| 005 | 20100408160342.93 | |
| 010 | @a978-7-111-28682-0@dCNY30.00 | |
| 100 | @a20100401d2010 em y0chiy50 ea | |
| 101 | 0 | @achi |
| 102 | @aCN@b110000 | |
| 105 | @ay z 000yy | |
| 106 | @ar | |
| 200 | 1 | @a货物运输与包装@AHuo Wu Yun Shu Yu Bao Zhuang@f林自葵主编@FLin Zi Kui Zhu Bian |
| 205 | @a2版 | |
| 210 | @a北京@c机械工业出版社@d2010 | |
| 215 | @a277页@d23cm | |
| 300 | @a普通高等教育“十一五”国家级规划教材 普通高等教育物流管理专业规划教材 | |
| 312 | @a封面英文题名:Freight transport and package | |
| 330 | @a本书介绍了运输与包装的基本概念、基本特征及相互关系;货物运输的基本方式、联合运输、运输费用、运输决策以及运输绩效管理;包装材料与设备、储运包装技术与方法以及包装管理。 | |
| 510 | 1 | @aFreight transport and package@zeng |
| 606 | 0 | @a物流@x货物运输@x高等教育@j教材 |
| 606 | 0 | @a物流@x包装技术@x高等教育@j教材 |
| 606 | 0 | @a物流 |
| 606 | 0 | @a货物运输 |
| 606 | 0 | @a包装技术 |
| 690 | @aF252@v4 | |
| 690 | @aTB48@v4 | |
| 701 | 0 | @a林自葵@ALin Zi Kui@f(1963~)@4主编 |
| 801 | 0 | @aCN@bTANGWEI@c20100408 |
| 905 | @b0588317-21@dF252@e162=2@f5 | |
| 货物运输与包装/林自葵主编.-2版.-北京:机械工业出版社,2010 |
| 277页;23cm |
| 普通高等教育“十一五”国家级规划教材 普通高等教育物流管理专业规划教材 |
| ISBN 978-7-111-28682-0:CNY30.00 |
| 本书介绍了运输与包装的基本概念、基本特征及相互关系;货物运输的基本方式、联合运输、运输费用、运输决策以及运输绩效管理;包装材料与设备、储运包装技术与方法以及包装管理。 |
| ● |
| 相关链接 |
|
|
|
|
正题名:货物运输与包装
索取号:F252/162=2
 
预约/预借
| 序号 | 登录号 | 条形码 | 馆藏地/架位号 | 状态 | 备注 |
| 1 | 0588317 | 205883178 | 第一样本阅览室/ [索取号:F252/162=2] | 在馆 | |
| 2 | 0588318 | 205883187 | 第一借阅区/ [索取号:F252/162=2] | 在馆 | |
| 3 | 0588319 | 205883196 | 第一借阅区/ [索取号:F252/162=2] | 在馆 | |
| 4 | 0588320 | 205883203 | 第一借阅区/ [索取号:F252/162=2] | 在馆 | |
| 5 | 0588321 | 205883212 | 第一借阅区/ [索取号:F252/162=2] | 在馆 |